|
|
|
|
| LEADER |
01326nam a2200349 a 4500 |
| 001 |
41441 |
| 003 |
BD-DhAAL |
| 005 |
20230829112123.0 |
| 008 |
230821t1985 enka 000 0 eng d |
| 010 |
|
|
|a 00698471
|
| 020 |
|
|
|a 0753403978
|
| 020 |
|
|
|a 9780753403976
|
| 035 |
|
|
|a (OCoLC)ocm43987739
|
| 035 |
|
|
|a 892106
|
| 040 |
|
|
|a JBR
|c JBR
|d DLC
|d BD-DhAAL
|
| 042 |
|
|
|a lccopycat
|
| 050 |
0 |
0 |
|a GV1203
|b .R52 2000
|
| 082 |
|
|
|a 649.5
|
| 100 |
1 |
|
|a Rice, Melanie,
|d 1952-
|9 55387
|
| 245 |
1 |
0 |
|a Play together, learn together /
|c Melanie Rice ; illustrated by Chris Barker ; adviser, Betty Root.
|
| 260 |
|
|
|a London :
|b Kingfisher,
|c 1985.
|
| 300 |
|
|
|a 160 pages :
|b color illustrations ;
|c 27 cm.
|
| 541 |
|
|
|a RS, Savar
|e 41441
|
| 650 |
|
0 |
|a Amusements.
|9 55388
|
| 650 |
|
0 |
|a Creative activities and seat work.
|9 55389
|
| 650 |
|
0 |
|a Handicraft.
|
| 700 |
|
|
|a Barker, Chris.
|9 54829
|
| 700 |
|
|
|a Root, Betty.
|9 55390
|
| 852 |
|
|
|a Ayesha Abed Library
|c General Stacks
|
| 942 |
|
|
|2 ddc
|c BK
|
| 999 |
|
|
|c 46101
|d 46101
|
| 952 |
|
|
|0 0
|1 0
|2 ddc
|4 0
|6 649_500000000000000_RIC
|7 0
|9 74281
|a SCL
|b SCL
|c GEN
|d 2023-08-21
|e RS, Savar
|g 1389.00
|l 0
|o 649.5 RIC
|p 3020041441
|r 2023-08-21
|t 1
|w 2023-08-21
|y BK
|x £9.99 ; As directed by University Librarian (30.05.2023), the accession of this book has been renewed. Previous Accession no of TARC, Savar: 4042
|